| 000 | 00870nam a2200301 a 4500 | ||
|---|---|---|---|
| 003 | AR-BaBNM | ||
| 005 | 20251128202913.0 | ||
| 008 | 082120s2002 ||||||||||||||000 | spa|| | ||
| 040 | _cAR-BaBNM | ||
| 100 | 1 | _aSánchez Díaz, Abel | |
| 245 | 0 | 0 | _aBernardo A. Houssay |
| 260 |
_aBuenos Aires _bEdiciones Culturales Argentinas _c1962 |
||
| 300 |
_a123 p. _bil. |
||
| 490 | 0 | _aBiblioteca del Sesquicentenario. Argentinos en las ciencias | |
| 500 | _aNotas, comentarios y referencias bio-biliográficas por Juan Cicco | ||
| 650 | 4 | _aBIOGRAFIAS | |
| 650 | 4 | _aHISTORIA DE LAS CIENCIAS | |
| 650 | 4 | _aINVESTIGACION CIENTIFICA | |
| 650 | 4 | _aINVESTIGADORES | |
| 650 | 4 | _aBIOLOGIA | |
| 650 | 4 | _aMEDICINA | |
| 650 | 4 | _aHISTORIA | |
| 651 | 4 | _aArgentina | |
| 655 | _aBIOGRAFIAS | ||
| 800 | 1 |
_aGonzález, Héctor Blas _edirector |
|
| 942 | _cBK | ||
| 998 | _cEnrique | ||
| 999 |
_c1131 _d1131 |
||